Caricamento...
Carbohydrate biochemistry and metabolism
| Autore principale: | |
|---|---|
| Natura: | Printed Book |
| Pubblicazione: |
Avi pub. co
1984
|
| LEADER | 00364nam a22001097a 4500 | ||
|---|---|---|---|
| 082 | |a 572.56 |b ROE | ||
| 100 | |a Roehrig, Karla L | ||
| 245 | |a Carbohydrate biochemistry and metabolism | ||
| 260 | |b Avi pub. co |c 1984 | ||
| 942 | |c BK | ||
| 999 | |c 14666 |d 14666 | ||
| 952 | |0 0 |1 0 |4 0 |6 572_560000000000000_ROE |7 0 |9 16929 |a CAMPUS |b CAMPUS |d 2017-08-03 |l 0 |o 572.56 ROE |p 03844 |r 2017-08-03 |w 2017-08-03 |y BK | ||